00456nam a22001457a 450000500170000002000250001703700210004210000200006324500670008326000280015027000500017830000470022849000170027570000180029220111212115848.0 a9780007244430c75.00 bBlueberry Books  aLandman, Tanya  aThe little egg /cby Tanya Landman; illustrated by Shoo Rayner aLondon bCollins c2007 a77-85 Fulhom Palace Road, HammersmithbLondon aLevel 2-book B (24p.) bill. c20cm(pbk)  aRead at home a Rayner, Shoo